| 000 | 00655cab a22001935a 4500 | ||
|---|---|---|---|
| 001 | L150759 | ||
| 008 | 100901e20100827xxk f 000 0 eng d | ||
| 035 | _a(Sirsi) u150759 | ||
| 041 | 0 | _aeng | |
| 100 | 1 | _aMcMeeken, Roxane | |
| 245 | 0 | 4 | _aThe sum of all our fears |
| 260 | _c2010 | ||
| 490 |
_aBuilding _v275 (8643) 27 August 2010, 22-23(2) |
||
| 520 | _aPredictions from three chief executives in the construction industry of recession and redundancies following the RICS Construction Market Survey for the second quarter of 2010. | ||
| 590 | _aKA | ||
| 651 | 4 |
_aUnited Kingdom _y |
|
| 690 | _aBUILT ENVIRONMENT-CONSTRUCTION MARKET | ||
| 942 | _n0 | ||
| 999 |
_c82631 _d82631 |
||